Fußball Frauen-Bundesliga 2025/26 Wappen - Statistiken

Allgemein
  • Dieses Quiz wurde 219 mal gespielt
  • Das Durchschnittsergebnis liegt bei 14 aus 14
Antwortstatistiken
Bildquiz Antwort % Korrekt
Bayern München
99%
Hamburger SV
99%
VfL Wolfsburg
99%
Werder Bremen
99%
1. FC Köln
98%
1. FC Nürnberg
98%
Bayer 04 Leverkusen
98%
Eintracht Frankfurt
98%
TSG 1899 Hoffenheim
98%
RB Leipzig
97%
SC Freiburg
97%
Union Berlin
97%
Carl Zeiss Jena
94%
SGS Essen
91%
Keine übereinstimmenden Quizze gefunden
Verteilung der Resultate
Anzahl Personen mit jedem Resultat
Perzentil nach korrekt beantworteten Fragen
Ihre Resultats-Entwicklung
Sie haben dieses Quiz noch nicht gespielt